| 000 | 00832nam a22002057a 4500 | ||
|---|---|---|---|
| 005 | 20251108170833.0 | ||
| 008 | 250721s2002 xx 000 0 ara d | ||
| 082 | 1 | 4 | _a956.7101/جرم |
| 100 | 1 |
_aالجرموزي، أبو علي المطهر بن محمد _eمؤلف |
|
| 245 | 1 | 0 |
_aتحفة الأسماع و الأبصار بما في السيرة المتوكلية من غرائب الاخبار : _bسيرة الإمام المتوكل على الله إسماعيل بن القاسم / |
| 264 | 1 |
_aصنعاء : _bدار الإمام زيد، _c2002. |
|
| 300 | _a2مج | ||
| 650 | 1 | 7 | _aتاريخ اليمن |
| 650 | 1 | 7 | _aالتراجم |
| 650 | 1 | 7 | _aالملوك و الحكام |
| 650 | 1 | 7 | _aعهد الأئمتة |
| 700 | 1 |
_aالهجري، عبد الحكيم _eتحقيق |
|
| 942 |
_2ddc _cREF |
||
| 999 |
_c50157 _d50157 |
||